Statistics for Burnley all-time top scorers

Click here to take the quiz!

General Stats

  • This quiz has been taken 4 times
  • The average score is 3 of 10

Answer Stats

GoalsNationalityPlayer% Correct
55EnglandAshley Barnes
100%
74EnglandJay Rodríguez
33%
67Northern IrelandJimmy McIlroy
33%
82EnglandRay Pointer
33%
71EnglandRobbie Blake
33%
64WalesSam Vokes
33%
77ScotlandAndy Lochhead
0%
72EnglandAndy Payton
0%
67EnglandJimmy Robson
0%
67EnglandJohn Connelly
0%

Score Distribution

Percentile by Number Answered

Percent of People with Each Score

Your Score History

You have not taken this quiz